000
00287nam a2200109Ia 4500
008
200302s9999 xx 000 0 und d
100
_a
Dr. M Ramachandran
245
_a
India's urban confusion challenges and strategies
260
_b
Copal Publishing Group
260
_c
2014
300
_a
243
999
_c
5917
_d
5917